| 000 | 00636nam a2200193 i 4500 | ||
|---|---|---|---|
| 001 | 180961 | ||
| 003 | ES-MaACL | ||
| 005 | 20230906221229.0 | ||
| 008 | 120912s1983 sp |||| | spa d | ||
| 100 | 1 |
_aEscolar Sobrino, Hipólito. _947607 |
|
| 245 | 1 | 1 |
_a[Lectura y política bibliotecaria / _cHipólito Escolar Sobrino]. |
| 260 |
_aMadrid : _bPirámide, _c1983. |
||
| 300 |
_aP. 321-334 ; _c20 cm. |
||
| 596 | _aSeparata de "La Cultura del Libro" | ||
| 650 | 0 | 4 |
_aLectura- _xAspectos sociales. _914060 |
| 650 | 0 | 4 |
_aBibliotecas. _9188814 |
| 852 |
_aES-MaACL _j2316-F-5 _z.- Dedicatoria manuscrita del autor |
||
| 999 |
_c180961 _d180961 |
||